| 000 | 005970000a22001810004500 | ||
|---|---|---|---|
| 003 | MACL | ||
| 005 | 20160522155323.0 | ||
| 008 | 160522b xxu||||| |||| 00| 0 eng d | ||
| 040 |
_aMACL _cMACL |
||
| 041 | _aHindi | ||
| 082 | _a891.433 PRA | ||
| 100 |
_aप्रसाद, शिवनंदन _958901 |
||
| 245 |
_aकवि मानुष _cशिवनंदन प्रसाद |
||
| 260 |
_aइलाहाबाद _bअपराजिता पब्लिकेशन _c2009 |
||
| 350 | _a185 | ||
| 650 |
_aकहानियां _933092 |
||
| 942 |
_cHIN _k891.433 /PRA /S _2ddc |
||
| 999 |
_c46049 _d46049 |
||